<?xml version="1.0" encoding="UTF-8"?><?xml-stylesheet type="text/xsl" href="static/style.xsl"?><OAI-PMH xmlns="http://www.openarchives.org/OAI/2.0/" xmlns:xsi="http://www.w3.org/2001/XMLSchema-instance" xsi:schemaLocation="http://www.openarchives.org/OAI/2.0/ http://www.openarchives.org/OAI/2.0/OAI-PMH.xsd"><responseDate>2026-04-30T00:21:04Z</responseDate><request verb="GetRecord" identifier="oai:uvadoc.uva.es:10324/27155" metadataPrefix="marc">https://uvadoc.uva.es/oai/request</request><GetRecord><record><header><identifier>oai:uvadoc.uva.es:10324/27155</identifier><datestamp>2025-02-10T13:57:31Z</datestamp><setSpec>com_10324_38</setSpec><setSpec>col_10324_852</setSpec></header><metadata><record xmlns="http://www.loc.gov/MARC21/slim" xmlns:doc="http://www.lyncode.com/xoai" xmlns:xsi="http://www.w3.org/2001/XMLSchema-instance" xmlns:dcterms="http://purl.org/dc/terms/" xsi:schemaLocation="http://www.loc.gov/MARC21/slim http://www.loc.gov/standards/marcxml/schema/MARC21slim.xsd">
<leader>00925njm 22002777a 4500</leader>
<datafield tag="042" ind1=" " ind2=" ">
<subfield code="a">dc</subfield>
</datafield>
<datafield tag="720" ind1=" " ind2=" ">
<subfield code="a">Salagre Rodrigo, Laura</subfield>
<subfield code="e">author</subfield>
</datafield>
<datafield tag="260" ind1=" " ind2=" ">
<subfield code="c">2017</subfield>
</datafield>
<datafield tag="520" ind1=" " ind2=" ">
<subfield code="a">Este Trabajo Final de Grado recoge el proceso de investigación que he llevado a cabo de 4 lecciones motrices basadas en el ritmo y el movimiento en un grupo de niños y niñas del segundo curso, del segundo ciclo de Educación Infantil (4-5 años).&#xd;
La base fundamental del proceso ha consistido en elaborar, poner en práctica y reflexionar.&#xd;
Por un lado, elaborar las sesiones a partir de los conocimientos adquiridos durante el grado, lecturas complementarias y la observación de la maestra al frente del aula (Susana Fuente Medina).&#xd;
Por otro, la puesta en práctica de aquello que me había planteado inicialmente.&#xd;
Y finalmente, la reflexión de lo que me ha acaecido la elaboración de este trabajo de investigación.</subfield>
</datafield>
<datafield tag="024" ind2=" " ind1="8">
<subfield code="a">http://uvadoc.uva.es/handle/10324/27155</subfield>
</datafield>
<datafield tag="245" ind1="0" ind2="0">
<subfield code="a">Ritmo y movimiento en niños y niñas de 4 años. Relatos y reflexiones a partir de la experiencia en el Practicum II</subfield>
</datafield>
</record></metadata></record></GetRecord></OAI-PMH>